000 00680cam a22002051 4500
999 _c14332
_d14332
001 8836842
003 OSt
005 20210206120725.0
008 760727s1949 enkc 000 0 eng
010 _a 51006186
020 _a817229008X
040 _coclc
082 _a954.035092
_bGAN/A
100 1 _aGandhi, Mahatma
_cMahatma,
_d1869-1948
_922
245 1 3 _aAn Autobiography:
_bThe Story of My Experiments with Truth /
_cMahatma Gandhi ; Mahadev Desai.
260 _aAhmedabad :
_bNavajivan Publishing House,
_c1927.
300 _a404p
740 4 _aThe story of my experiments with truth.
942 _2ddc
_cBK
_h954.035092
_iGAN/A
_k954.035092
_mGAN/A